000 00522nam a22001337a 4500
020 _a 9780471770725
082 _a280 SCB
100 _aMiller, Gloria J | Russell, Allan
_969276
245 _aInformation revolution : using the information evolution model to grow your business
260 _aHoboken, N.J
_b John Wiley
_c2006
300 _a195 P
_b ill. ; 24 cm, xxvii
650 _a Management information systems | Information resources management | Business -- Communication systems -- Managemen
_969277
942 _cBK
999 _c576635
_d576635